[Event "Lone Pine"]
[Site "Lone Pine"]
[Date "1975.??.??"]
[Round "2"]
[White "Denker, Arnold S"]
[Black "Torre, Eugenio"]
[Result "0-1"]
[WhiteElo "2310"]
[BlackElo "2515"]

1.Nf3 g6 2.d4 Bg7 3.g3 Nf6 4.Bg2 O-O 5.c4 d6 6.O-O c6 7.Nc3 Bf5 8.Nh4 Be6
9.b3 d5 10.cxd5 cxd5 11.Bb2 Nc6 12.e3 Qd7 13.Qd2 Rad8 14.Rac1 Bh3 15.Bxh3 Qxh3
16.f3 Bh6 17.Nd1 Rfe8 18.Ng2 e5 19.Rxc6 bxc6 20.Nf2 Qf5 21.dxe5 d4 22.f4 dxe3
23.Qxe3 Ng4 24.Nxg4 Qxg4 25.Qc3 Bg7 26.Ne3 Qe2 27.Rf2 Qa6 28.Bc1 Rd6 29.Qc4 Qxc4
30.Nxc4 Rd1+ 31.Rf1 Rxf1+ 32.Kxf1 f6 33.Bb2 fxe5 34.fxe5 Kf8 35.Ba3+ Kg8
36.Bb2 Bf8 37.Ke2 Kf7 38.Ke3 Ke6 39.Ke4 Rd8 40.Bd4 a6 41.Na5 c5 42.Bc3 Rd1
43.h4 Rg1 44.Kf3 Rf1+ 45.Ke4 Rc1 46.Bb2 Re1+ 47.Kf3 h5 48.Nc4 Bh6 49.a4 Rb1
50.Ke4 Bc1 51.Bxc1 Rxc1 52.Kf4 Rc3 53.Nd2 Rd3 54.Ne4 Rd4 55.Ke3 Kd5 56.Ng5 Rg4
57.Kf3 Kxe5  0-1

[Event "Lone Pine"]
[Site "Lone Pine"]
[Date "1975.??.??"]
[Round "3"]
[White "Kushnir, Alla"]
[Black "Reshevsky, Samuel Herman"]
[Result "1/2-1/2"]
[WhiteElo "2365"]
[BlackElo "2530"]

1.d4 Nf6 2.c4 g6 3.Nf3 Bg7 4.g3 O-O 5.Bg2 d6 6.O-O Nbd7 7.Nc3 e5 8.e4 c6
9.h3 Re8 10.d5 Nc5 11.Re1 a5 12.b3 Bd7 13.dxc6 Bxc6 14.Nh2 h6 15.Ng4 Nxg4
16.hxg4 Kh7 17.Be3 Bf6 18.Qd2 Bg5 19.Rad1 Bxe3 20.Rxe3 Re6 21.Re2 Qg5 22.Qxg5 hxg5
23.Red2 Rd8 24.f3 b6 25.Kf2 Kg7 26.Ke3 Kf8  1/2-1/2

[Event "NOR-ch"]
[Site "?"]
[Date "1975.??.??"]
[Round "2"]
[White "Vinje Gulbrandsen, Arne"]
[Black "Zwaig, Arne"]
[Result "1/2-1/2"]
[WhiteElo "2335"]
[BlackElo "2430"]

1.d4 Nf6 2.c4 g6 3.g3 Bg7 4.Bg2 d6 5.Nf3 O-O 6.O-O Nc6 7.Nc3 a6 8.h3 Rb8
9.Be3 b5 10.cxb5 axb5 11.Qc1 b4 12.Nb1 Bd7 13.Bh6 Qc8 14.Bxg7 Kxg7 15.Nbd2 Rb5
16.Qc4 Na5 17.Qd3 Rb6 18.Kh2 c5 19.dxc5 Qxc5 20.Ne4 Qb5 21.Nxf6 Qxd3 22.Nh5+ gxh5
23.exd3 Bf5 24.Rfd1 Rc8 25.Rd2 Nc6 26.Rc1 Be6 27.Rdc2 b3 28.axb3 Na7 29.Rxc8 Bxc8
30.Rc7 Rb7 31.Rxb7 Bxb7 32.Nd4 Ba6 33.Nc6 Nc8 34.d4 Be2 35.Be4 h6 36.Kg2 Kf6
37.Bf3 Bb5 38.Nb4 h4 39.gxh4 e5 40.Nd5+ Kg6 41.Nc3 Bd7 42.dxe5 dxe5 43.b4 Kf6
44.Kg3 Ke6 45.Bd5+ Ke7 46.b5 Nb6 47.Bb3 f5 48.f4 e4 49.Kf2 Kd6 50.Ke3 Kc5
51.Bf7 Nc8 52.b3 Nd6 53.Bc4 Bxb5 54.Be6 Bf1 55.Nd5 Bxh3 56.Nf6 Kb4 57.Kd4 Nb5+
58.Ke5 Nc3 59.Nxe4 Nxe4 60.Bxf5 Bxf5 61.Kxf5 Nc5 62.Kg6 Kxb3 63.Kxh6 Kc4
64.f5 Kd5 65.Kg6 Ke5 66.f6 Nd7 67.f7 Ke6 68.Kg7 Ke7 69.h5 Nf8 70.Kg8 Nh7
71.h6 Nf8  1/2-1/2

[Event "Pula zt"]
[Site "Pula"]
[Date "1975.??.??"]
[Round "?"]
[White "Padevsky, Nikola"]
[Black "Hazai, Laszlo"]
[Result "1/2-1/2"]
[WhiteElo "2480"]
[BlackElo "2420"]

1.d4 Nf6 2.c4 g6 3.Nf3 Bg7 4.g3 O-O 5.Bg2 d6 6.O-O Nbd7 7.Nc3 e5 8.e4 c6
9.h3 Qb6 10.Re1 a5 11.Rb1 exd4 12.Nxd4 Ng4 13.Qxg4 Bxd4 14.Be3 Ne5 15.Bxd4 Qxd4
16.Qd1 Qxd1 17.Rbxd1 Nxc4 18.b3 Nb6 19.Rxd6 Be6  1/2-1/2

[Event "URS-chT"]
[Site "Riga"]
[Date "1975.??.??"]
[Round "?"]
[White "Muslimova, Aida E"]
[Black "Ranniku, Maaja"]
[Result "0-1"]
[WhiteElo "2000"]
[BlackElo "2305"]

1.d4 Nf6 2.Nf3 g6 3.c4 Bg7 4.g3 O-O 5.Bg2 d6 6.O-O a6 7.Nc3 Nc6 8.e4 Bg4
9.h3 Bxf3 10.Bxf3 e5 11.d5 Nd4 12.Bg2 Re8 13.b4 a5 14.Rb1 axb4 15.Rxb4 b6
16.f4 Nh5 17.Kh2 exf4 18.gxf4 Qh4 19.Qg4 Qe7 20.a4 f5 21.exf5 Nxf5 22.Ne4 Nf6
23.Nxf6+ Bxf6 24.c5 dxc5 25.Re4 Qd7 26.Re6 Bg7 27.Rfe1 Qxa4 28.d6 Rxe6 29.Rxe6 cxd6
30.Bxa8 Qxa8 31.Qe2 Kf7 32.Re4 d5 33.Re6 Qd8 34.Qe1 Nd4 35.Re3 Nc2 36.Qe2 Nxe3
37.Bxe3 Qe7 38.Qd3 Qe4 39.Qb3  0-1

[Event "SWE-ch"]
[Site "?"]
[Date "1975.??.??"]
[Round "?"]
[White "Svensson, Gert"]
[Black "Ornstein, Axel"]
[Result "0-1"]
[WhiteElo "2200"]
[BlackElo "2430"]

1.d4 Nf6 2.c4 g6 3.g3 Bg7 4.Bg2 O-O 5.Nf3 d6 6.Nc3 Nbd7 7.O-O e5 8.b3 Re8
9.Qc2 exd4 10.Nxd4 Nc5 11.Bb2 a5 12.Rad1 c6 13.Rfe1 Qb6 14.h3 a4 15.e3 Nfd7
16.Nce2 Na6 17.Qb1 Ndc5 18.Nc1 axb3 19.Ndxb3 Bf5 20.e4 Bxe4 21.Bxe4 Bxb2
22.Bxg6 hxg6 23.Qxb2 Qb4 24.Rxe8+ Rxe8 25.Qd4 Re1+ 26.Rxe1 Qxe1+ 27.Kg2 Nxb3
28.Nxb3 Qe7 29.Nd2 Nc5 30.Nf3 Qe4 31.Qxd6 Nd3 32.c5 Ne1+ 33.Kf1 Nxf3 34.Qb8+ Kg7  0-1

[Event "Szolnok"]
[Site "Szolnok"]
[Date "1975.??.??"]
[Round "8"]
[White "Liebert, Heinz"]
[Black "Mednis, Edmar John"]
[Result "1/2-1/2"]
[WhiteElo "2450"]
[BlackElo "2455"]

1.c4 g6 2.Nf3 Bg7 3.d4 Nf6 4.g3 O-O 5.Bg2 d6 6.O-O c6 7.Nc3 Qa5 8.h3 e5 9.e4 Nbd7
10.Re1 exd4 11.Nxd4 Re8 12.Be3 Ne5 13.Qe2 Be6 14.Nxe6 Rxe6 15.Rac1 Qb4 16.b3 Ned7
17.Qd2 Nc5 18.f3 a5 19.Kh2 Nfd7 20.Red1 Rae8 21.Ne2 Qxd2 22.Rxd2 f5 23.Nf4 R6e7
24.Bxc5 dxc5 25.Rcd1 Bd4 26.Ne2 fxe4 27.fxe4 Nf6 28.Rxd4 cxd4 29.Rxd4 Nxe4  1/2-1/2

[Event "Hoogovens-B"]
[Site "Wijk aan Zee"]
[Date "1975.??.??"]
[Round "5"]
[White "Ek, Hans"]
[Black "Portisch, Ferenc"]
[Result "1/2-1/2"]
[WhiteElo "2345"]
[BlackElo "2420"]

1.d4 Nf6 2.Nf3 g6 3.c4 Bg7 4.g3 O-O 5.Bg2 d6 6.O-O Nbd7 7.h3 e5 8.Be3 c6
9.Nc3 Qe7 10.Rc1 Nh5 11.Qd2 f5 12.dxe5 Nxe5 13.Bg5 Qc7 14.b3 f4 15.Ne4 Nxf3+
16.exf3 fxg3 17.fxg3 d5 18.cxd5 Nxg3 19.d6 Qb6+ 20.Kh2 Nxf1+ 21.Bxf1 Qd4
22.Bc4+ Kh8 23.Qxd4 Bxd4 24.Rd1 c5 25.Bh6 Rf5 26.Ng5 Bd7 27.Re1 Re8 28.Rxe8+ Bxe8
29.Be6 Be5+ 30.Kg2 Bxd6 31.Ne4 Re5 32.Bc8 Be7 33.Bf4 Rh5 34.Bg4 Rd5 35.Be6 Bc6
36.Bxd5 Bxd5 37.Be5+ Kg8 38.Nf6+ Bxf6 39.Bxf6 Kf7 40.Bc3 b5 41.Ba5 Ke6 42.Kf2 Kd6
43.Ke3 b4 44.f4 Be6 45.h4 Bf5 46.Kd2 Bb1 47.Kc1 Bxa2 48.Kb2 Bxb3 49.Kxb3 Ke6
50.Bd8 Kf5 51.Be7 Kg4 52.Bg5 a5 53.Be7 h6 54.Bf8 Kxf4 55.Bxh6+ Ke4 56.Kc4 a4
57.Kxc5 b3 58.Bc1  1/2-1/2

[Event "Capablanca mem-A 13th"]
[Site "Cienfuegos"]
[Date "1976.05.30"]
[Round "14"]
[White "Kozma, Julius"]
[Black "Razuvaev, Yuri S"]
[Result "1/2-1/2"]
[WhiteElo "2375"]
[BlackElo "2495"]

1.d4 Nf6 2.c4 g6 3.Nf3 Bg7 4.g3 O-O 5.Bg2 d6 6.O-O Nc6 7.Nc3 a6 8.h3 Rb8
9.Be3 b5 10.Nd2 Bb7 11.b3 Na5 12.Rc1 Bxg2 13.Kxg2 Qd7 14.Nd5 Nxd5 15.cxd5 c6
16.dxc6 Nxc6 17.Nf3 Nb4 18.Qd2 Nd5 19.Bh6  1/2-1/2

[Event "Beersheba"]
[Site "Beersheba"]
[Date "1976.??.??"]
[Round "3"]
[White "Radashkovich, Itchak"]
[Black "Kraidman, Yair"]
[Result "1/2-1/2"]
[WhiteElo "2445"]
[BlackElo "2465"]

1.d4 Nf6 2.c4 g6 3.Nf3 Bg7 4.g3 O-O 5.Bg2 d6 6.O-O Nc6 7.Nc3 Rb8 8.h3 a6
9.Be3 b5 10.Nd2 Bd7 11.cxb5 axb5 12.Nde4 Nxe4 13.Nxe4 e5 14.dxe5 Nxe5 15.Rc1 h6
16.b3 Kh7 17.Qc2 f5 18.Nd2 c5 19.Nf3 Nxf3+ 20.Bxf3 Be5 21.Bg2 f4 22.gxf4 Bxf4
23.Bxf4 Rxf4 24.Rfd1 Qe7 25.Qd3 Rf6 26.Qg3 Rbf8 27.Rd2 Re6 28.Rcd1 Rff6 29.e3 Re5
30.Rd5 Rxd5 31.Rxd5 Bc6 32.Rd2 Bxg2 33.Kxg2 b4 34.f4 g5 35.Qf3 gxf4 36.exf4 Rg6+
37.Kh2 Qe1 38.Rg2 Rxg2+ 39.Qxg2 Qe6 40.Qc2+ Kg7 41.Qd3 Kf6 42.Kg3 d5 43.Kf2 c4
44.bxc4 dxc4 45.Qh7 Qxh3 46.Qh8+ Ke7 47.Qg7+  1/2-1/2

[Event "HUN-ch"]
[Site "Budapest"]
[Date "1976.??.??"]
[Round "7"]
[White "Sapi, Laszlo"]
[Black "Horvath, Tamas"]
[Result "1/2-1/2"]
[WhiteElo "2395"]
[BlackElo "2400"]

1.Nf3 Nf6 2.c4 g6 3.d4 Bg7 4.g3 O-O 5.Bg2 d6 6.O-O Nbd7 7.Nc3 a6 8.Rb1 c5
9.dxc5 Nxc5 10.Nd4 Rb8 11.b3 Bd7 12.Bb2 Qe8 13.Nc2 b5 14.cxb5 axb5 15.Nb4 Bf5
16.Rc1 Nfe4 17.f3 Nxc3 18.Bxc3 Bxc3 19.Rxc3 Be6 20.Qd4 f6 21.f4 Bd7 22.Rfc1 Kg7
23.e4 Rc8 24.e5 dxe5 25.fxe5 Ne6 26.exf6+ exf6 27.Qd6 Rxc3 28.Rxc3 Ng5 29.Qd2 Rf7
30.Re3 Re7 31.Nd5 Rxe3 32.Qxe3 Qxe3+ 33.Nxe3 Kf7 34.h4 Ne6 35.Nd5 Nd4 36.Kf2 Ke6
37.Ke3 Ke5 38.Be4 f5 39.Bg2 Bc6 40.Nf4 Bxg2 41.Nxg2 Nc2+ 42.Kd2 Nb4 43.a4  1/2-1/2

[Event "HUN-ch"]
[Site "Budapest"]
[Date "1976.??.??"]
[Round "8"]
[White "Csom, Istvan"]
[Black "Rigo, Janos"]
[Result "1-0"]
[WhiteElo "2490"]
[BlackElo "2200"]

1.d4 Nf6 2.g3 g6 3.c4 Bg7 4.Bg2 O-O 5.Nf3 d6 6.Nc3 Nc6 7.O-O a6 8.d5 Na5
9.Nd2 c5 10.Qc2 Rb8 11.b3 b5 12.Bb2 bxc4 13.bxc4 Bh6 14.Ncb1 e5 15.Bc3 Bd7
16.Na3 Qc7 17.Rab1 Bf5 18.e4 Bd7 19.f4 Ng4 20.Rbe1 Bg7 21.h3 Nh6 22.fxe5 dxe5
23.Qc1 Nb7 24.Nf3 f6 25.Nb1 Nd6 26.Nbd2 a5 27.Qa3 a4 28.Rc1 Nhf7 29.Ne1 Rfc8
30.Nd3 Qa7 31.Kh2 Nd8 32.g4 h6 33.Bb2 N8b7 34.Qc3 Na5 35.Ba3 Rb7 36.Kh1 f5
37.gxf5 gxf5 38.exf5 Nxf5 39.Ne4 Ne3 40.Bxc5 Rxc5 41.Nexc5 Naxc4 42.Nxb7  1-0

[Event "HUN-ch"]
[Site "Budapest"]
[Date "1976.??.??"]
[Round "17"]
[White "Petran, Pal"]
[Black "Hazai, Laszlo"]
[Result "1/2-1/2"]
[WhiteElo "2415"]
[BlackElo "2430"]

1.d4 Nf6 2.c4 g6 3.Nf3 Bg7 4.g3 O-O 5.Bg2 d6 6.O-O Nbd7 7.Nc3 e5 8.e4 c6
9.b3 Qb6 10.d5 Nc5  1/2-1/2

[Event "Kringsja"]
[Site "Oslo"]
[Date "1976.??.??"]
[Round "6"]
[White "Sande, Oystein"]
[Black "Heiberg, T."]
[Result "1/2-1/2"]
[WhiteElo "2350"]
[BlackElo "2200"]

1.Nf3 Nf6 2.c4 g6 3.g3 d6 4.d4 Bg7 5.Bg2 O-O 6.O-O Nc6 7.Nc3 a6 8.h3 Rb8
9.Be3 Bd7 10.Rc1 Qc8 11.Kh2 Na5 12.Nd2 c5 13.Nd5 Nxd5 14.cxd5 Qe8 15.dxc5 Bxb2
16.cxd6 exd6 17.Rb1 Ba4 18.Nb3 Bg7 19.Qd2 Nc4 20.Qd3 Bb5 21.Bf4 Na3 22.Qd2 Nxb1
23.Rxb1 Qe7 24.Nd4 Bd7 25.Rb6 Be5 26.Bh6 Rfd8 27.f4 Bg7 28.Bxg7 Kxg7 29.Qb2 Kg8
30.Nc6 Bxc6 31.dxc6 Qc7 32.Rxb7 Rxb7 33.cxb7 Rb8 34.Bd5 Qc5 35.e4 Qb5 36.Qc2 Rxb7  1/2-1/2

[Event "CSR-ch"]
[Site "Ostrava"]
[Date "1976.??.??"]
[Round "15"]
[White "Neckar, Lubomir"]
[Black "Sikora Lerch, Jan"]
[Result "1/2-1/2"]
[WhiteElo "2330"]
[BlackElo "2310"]

1.Nf3 g6 2.d4 Nf6 3.c4 Bg7 4.g3 O-O 5.Bg2 d6 6.O-O Nc6 7.Nc3 Bg4 8.d5 Na5
9.Nd2 c5 10.Qc2 e5 11.b3 Qd7 12.Bb2 Bh3 13.Rae1 Bxg2 14.Kxg2 Nh5 15.e3 f5
16.f4 e4 17.g4 Nf6 18.gxf5 gxf5 19.Rg1 Kf7 20.Kh1 Rg8 21.Ncxe4 fxe4 22.Bxf6 Bxf6
23.Nxe4 Rae8 24.Nxf6 Kxf6 25.Qc3+ Kf7 26.e4 b6 27.e5 Qf5 28.e6+ Ke7 29.Rg7+ Kd8
30.Rd7+ Kc8 31.Rf7 Qg6 32.Qd2 Nc6 33.f5 Qg4 34.Qe2 Ne5 35.Qxg4 Rxg4 36.Rxa7 Kb8
37.Rxh7 Nf3 38.Rf1 Reg8 39.Rh8 Rxh8 40.Rxf3 Kc7 41.f6 Kd8 42.a4  1/2-1/2

[Event "Stary Smokovec"]
[Site "Stary Smokovec"]
[Date "1976.??.??"]
[Round "8"]
[White "Szilagyi, Gyorgy"]
[Black "Ftacnik, Lubomir"]
[Result "1/2-1/2"]
[WhiteElo "2380"]
[BlackElo "2200"]

1.c4 Nf6 2.Nf3 g6 3.d4 Bg7 4.g3 O-O 5.Bg2 d6 6.O-O Nc6 7.Nc3 e5 8.d5 Ne7
9.e4 Nd7 10.Ne1 f5 11.Nd3 Nb6 12.b3 Bd7 13.a4 a6 14.a5 Nbc8 15.b4 c6 16.Qb3 fxe4
17.Nxe4 cxd5 18.cxd5 Nf5 19.Bb2 Bb5 20.Rfe1 h6 21.Rad1 Qd7 22.Qa2 Na7 23.Nc3 Bxd3
24.Rxd3 Nd4 25.Na4 Rxf2 26.Rxd4 Rxb2 27.Qxb2 exd4 28.Nb6 d3 29.Qf2 Qg4 30.Re4 Qd1+
31.Re1 Qg4 32.Re4  1/2-1/2

[Event "URS-FL"]
[Site "Baku"]
[Date "1977.??.??"]
[Round "4"]
[White "Petrosian, Arshak B"]
[Black "Tukmakov, Vladimir B"]
[Result "0-1"]
[WhiteElo "2345"]
[BlackElo "2540"]

1.Nf3 g6 2.c4 Bg7 3.d4 Nf6 4.g3 O-O 5.Bg2 d6 6.O-O c6 7.Nc3 Qa5 8.h3 e5 9.e4 exd4
10.Nxd4 Qc5 11.Nb3 Qxc4 12.Qxd6 a5 13.Bf4 Nbd7 14.Rac1 Qb4 15.Qd1 Re8 16.a3 Qe7
17.Bd6 Qd8 18.f4 Nb6 19.e5 Nfd5 20.Nxd5 Nxd5 21.Bxd5 cxd5 22.Kh2 Ra6 23.Rf2 Rc6
24.Rxc6 bxc6 25.Nc5 f6 26.Qf3 h5 27.f5 Bxf5 28.g4 fxe5 29.gxf5 Qxd6 30.f6 Rf8
31.f7+ Kh7 32.Qe3 d4 33.Qc1 e4+  0-1

[Event "URS-FL"]
[Site "Baku"]
[Date "1977.??.??"]
[Round "15"]
[White "Tukmakov, Vladimir B"]
[Black "Kochyev, Alexander"]
[Result "1-0"]
[WhiteElo "2540"]
[BlackElo "2490"]

1.d4 Nf6 2.c4 g6 3.Nf3 Bg7 4.g3 O-O 5.Bg2 d6 6.O-O Nbd7 7.Nc3 e5 8.e4 c6
9.b3 Qb6 10.Rb1 exd4 11.Nxd4 Nc5 12.Nde2 Re8 13.Be3 Qc7 14.f3 Qe7 15.Qd2 Be6
16.Rbd1 Rad8 17.Rfe1 a5 18.Nd4 Bc8 19.Bf2 Nfd7 20.Qc2 h5 21.f4 Bh6 22.Nf3 Qf8
23.h3 Bg7 24.Bd4 Bxd4+ 25.Rxd4 Nf6 26.Red1 Qe7 27.Ng5 Nh7 28.Nxh7 Kxh7 29.Qd2 h4
30.g4 Ne6 31.Rd3 Kg7 32.f5 Nc5 33.Rxd6 Rxd6 34.Qxd6 Qxd6 35.Rxd6 f6 36.Kf2 g5
37.Ke3 Nd7 38.Na4 Re5 39.Nb2 Kf7 40.Nd3 Re8 41.Kd4 Re7 42.c5 Ke8 43.a3 Kf7
44.Bf3 Ke8 45.b4 axb4 46.axb4 Kf7 47.Bd1  1-0

[Event "Tungsram"]
[Site "Budapest"]
[Date "1977.??.??"]
[Round "?"]
[White "Schmidt, Wlodzimierz"]
[Black "Sax, Gyula"]
[Result "1/2-1/2"]
[WhiteElo "2490"]
[BlackElo "2565"]

1.Nf3 g6 2.c4 Bg7 3.d4 Nf6 4.g3 O-O 5.Bg2 d6 6.Nc3 Nc6 7.O-O a6 8.d5 Na5
9.Nd2 c5 10.Qc2 Rb8 11.b3 b5 12.Bb2 e5 13.dxe6 fxe6 14.cxb5 axb5 15.Nce4 Nxe4
16.Nxe4 Bxb2 17.Qxb2 Bb7 18.Rad1 Bxe4 19.Bxe4 d5 20.Bg2 Nc6 21.Rfe1 Rc8 22.e4 d4
23.e5 Nb4 24.Rd2 Nd5 25.Bxd5 Qxd5 26.b4 Rfd8 27.Red1 Qxe5  1/2-1/2

[Event "CSR-ch int"]
[Site "Decin"]
[Date "1977.??.??"]
[Round "3"]
[White "Tukmakov, Vladimir B"]
[Black "Suba, Mihai"]
[Result "1/2-1/2"]
[WhiteElo "2540"]
[BlackElo "2455"]

1.d4 Nf6 2.c4 d6 3.Nf3 g6 4.g3 Bg7 5.Bg2 O-O 6.O-O Nbd7 7.Nc3 e5 8.e4 Re8
9.h3 exd4 10.Nxd4 Nc5 11.Re1 a5 12.Rb1 Nfd7 13.Be3 Ne5 14.Qe2 c6 15.Rbd1 Qb6
16.f4 Ned7 17.Qc2 a4 18.Bf2 Qb4 19.Bf1 Nb6 20.Qc1 Nxc4 21.a3 Qxb2 22.Bxc4 Qxc1
23.Rxc1 Bxh3 24.Rcd1  1/2-1/2

[Event "SVK-ch"]
[Site "Detva"]
[Date "1977.??.??"]
[Round "6"]
[White "Jablonicky, Frantisek"]
[Black "Duriga, Stefan"]
[Result "0-1"]
[WhiteElo "2180"]
[BlackElo "2230"]

1.d4 Nf6 2.c4 d6 3.Nf3 g6 4.g3 Bg7 5.Bg2 O-O 6.Nc3 Nc6 7.d5 Na5 8.Nd2 c5
9.Qc2 a6 10.b3 Bd7 11.O-O b5 12.Bb2 Rb8 13.Rab1 Qc7 14.e4 Rb7 15.Nd1 bxc4
16.bxc4 Rfb8 17.Nc3 Ng4 18.Rfe1 Bd4 19.Rf1 Ne5 20.Nd1 Naxc4 21.Nxc4 Nxc4
22.Qxc4 Rb4 23.Qe2 Bb5 24.Qd2 Bxf1 25.Bxd4 Rxb1 26.Bc3 Bb5 27.Bf3 Qc8 28.g4 Bd7
29.h3 a5 30.Kh2 a4 31.Ne3 f6 32.Be2 a3 33.Nc4 Bb5 34.Nxa3 Bxe2 35.Nxb1 Bxg4
36.hxg4 Rxb1 37.Qc2 Qb7 38.Kg2 Qb5 39.g5 Qf1+ 40.Kf3 Rc1 41.Qa4 Rxc3+  0-1

[Event "DDR-ch (Women)"]
[Site "Frankfurt/Oder"]
[Date "1977.??.??"]
[Round "4"]
[White "Gratias, Sabine"]
[Black "Nuenchert, Eveline"]
[Result "1-0"]
[WhiteElo "1700"]
[BlackElo "2085"]

1.c4 g6 2.Nf3 Bg7 3.d4 d6 4.g3 Nf6 5.Bg2 O-O 6.O-O Nbd7 7.Nc3 e5 8.d5 h6
9.Nd2 Ne8 10.f4 f5 11.e4 Ndf6 12.Qe2 Qe7 13.fxe5 dxe5 14.Nf3 Nh7 15.Nh4 Rf6
16.Bd2 Nd6 17.c5 Nf7 18.d6 cxd6 19.Nd5 Qd8 20.Nxf6+ Qxf6 21.exf5 gxf5 22.cxd6 Nxd6
23.Qh5 Be6 24.Rad1 Bf7 25.Qe2 Bc4 26.Qh5 Bxf1 27.Bd5+ Nf7 28.Rxf1 f4 29.gxf4 exf4
30.Bxf4 Rf8 31.Bd6 Qg5+ 32.Qxg5 Nxg5 33.Bxf8 Bxf8 34.Bxf7+ Nxf7 35.b3 Bc5+
36.Kg2 Nd6 37.Nf5 Nxf5 38.Rxf5 b6 39.h4 Kg7 40.h5 Be7 41.Kf3  1-0

[Event "Concordia"]
[Site "Hamburg"]
[Date "1977.??.??"]
[Round "8"]
[White "Csom, Istvan"]
[Black "Popovych, Orest"]
[Result "1/2-1/2"]
[WhiteElo "2535"]
[BlackElo "2370"]

1.c4 Nf6 2.g3 g6 3.Bg2 Bg7 4.d4 O-O 5.Nf3 d6 6.Nc3 Nc6 7.O-O a6 8.b3 Rb8
9.Bb2 b5 10.cxb5 axb5 11.Rc1 b4 12.Nb1 Na5 13.Ne1 c6 14.Nd3 Qb6 15.Nd2 Ba6
16.Qc2 Rfc8 17.Rfd1 Nd7 18.Bh3 f5 19.Nf3 c5 20.d5 c4 21.bxc4 Nxc4 22.Bxg7 Kxg7
23.Nf4 Nf6 24.Nd4 Ne3 25.Qd2 Nxd1 26.Rxd1 Rc4 27.Nfe6+ Kf7 28.Qh6 Rg8 29.g4 fxg4
30.Bxg4 Ke8 31.Ng7+ Kd8 32.Qe3 Qa5 33.Nc6+ Rxc6 34.dxc6 Rxg7 35.Qa7 Qc7 36.Qa8+ Bc8
37.Be6 Ne4 38.Bxc8 Qxc8 39.c7+ Kd7 40.Qxe4 Qxc7 41.Qg4+ e6 42.Qxb4 Rf7 43.Rb1 Rf5
44.Qa4+ Ke7 45.Qa8 Qc5 46.Qh8 Qxf2+ 47.Kh1 Rb5 48.Qxh7+ Kf8 49.Qh6+ Kf7 50.Qh7+ Kf8  1/2-1/2

[Event "DSV-Turnier"]
[Site "Leipzig"]
[Date "1977.??.??"]
[Round "6"]
[White "Smejkal, Jan"]
[Black "Peev, Peicho Chonev"]
[Result "1-0"]
[WhiteElo "2575"]
[BlackElo "2460"]

1.d4 Nf6 2.Nf3 g6 3.c4 Bg7 4.g3 O-O 5.Bg2 d6 6.Nc3 Nc6 7.O-O e5 8.d5 Ne7
9.e4 c5 10.Ne1 Ne8 11.Nd3 f5 12.f4 exf4 13.Bxf4 fxe4 14.Nxe4 Nf5 15.g4 Nh6
16.Bg5 Rxf1+ 17.Qxf1 Qc7 18.h3 Nf7 19.Bh4 Ne5 20.Nxe5 Bxe5 21.Nf6+ Nxf6 22.Bxf6 Bd7
23.Bxe5 dxe5 24.Qf6 Rf8 25.d6 Rxf6 26.dxc7 Bc8 27.Rd1 Rf8 28.g5 Re8 29.Rd8 Kf8
30.h4 Ke7 31.Rxe8+ Kxe8 32.Bd5 a6 33.Kf2 b5 34.Ke3 Kd7 35.Bg8 Kxc7 36.Bxh7  1-0

[Event "Lone Pine"]
[Site "Lone Pine"]
[Date "1977.??.??"]
[Round "6"]
[White "Quinteros, Miguel A"]
[Black "Dake, Arthur William"]
[Result "1-0"]
[WhiteElo "2555"]
[BlackElo "2365"]

1.Nf3 Nf6 2.c4 g6 3.d4 Bg7 4.g3 O-O 5.Bg2 d6 6.O-O Nc6 7.Nc3 Na5 8.b3 c5
9.Bb2 a6 10.Qc2 cxd4 11.Nxd4 Bd7 12.Rfd1 Rc8 13.Qd2 Nc6 14.Nc2 Qa5 15.e4 Qh5
16.f3 Bh3 17.Bxh3 Qxh3 18.Ne3 h5 19.Qf2 Rfe8 20.Rd2 Rb8 21.Rc1 Qc8 22.Ncd5 Nd7
23.Bxg7 Kxg7 24.f4 Nc5 25.Qg2 e6 26.Nc3 Qc7 27.Rcd1 Rbd8 28.Qf3 Qe7 29.Kg2 Rh8
30.Nc2 h4 31.b4 h3+ 32.Kf2 Nd7 33.Rxd6 Nb6 34.c5 Nc4 35.e5 Nxd6 36.cxd6 Qf8
37.Ne4 Rc8 38.Rd2 a5 39.a3 axb4 40.axb4 Qd8 41.Qe3 b5 42.Nc5 Kh7 43.Ne1 Nxb4
44.Ne4 Ra8 45.Nf3 Qa5 46.f5 exf5 47.Neg5+ Kg7 48.e6 f6 49.Nf7 Qa1 50.Nxh8 Qh1
51.Qc3 Ra1 52.Qxa1 Qxa1 53.d7 Qa7+ 54.Ke2 Nd5 55.Rxd5 Qa2+ 56.Rd2 Qxe6+ 57.Kd1 Qb3+
58.Ke2 Qe6+ 59.Kf1 Qc4+ 60.Kf2 Qc5+ 61.Nd4 Qd5 62.Ne6+ Qxe6 63.d8=Q  1-0

[Event "Rome"]
[Site "Rome"]
[Date "1977.??.??"]
[Round "?"]
[White "Tatai, Stefano"]
[Black "Vaganian, Rafael A"]
[Result "1-0"]
[WhiteElo "2480"]
[BlackElo "2545"]

1.d4 Nf6 2.c4 g6 3.Nf3 Bg7 4.g3 O-O 5.Bg2 d6 6.O-O c6 7.Nc3 Qa5 8.h3 e5 9.e4 exd4
10.Nxd4 Qc5 11.Nb3 Qb4 12.Bf4 Ne8 13.c5 dxc5 14.a3 Qc4 15.Rc1 b6 16.Nd5 Qa6
17.Ne7+ Kh8 18.Bxb8 Rxb8 19.Nxc6 Rb7 20.e5 Be6 21.Qf3 Rc7 22.Nd2 Bh6 23.Rcd1 Ng7
24.Qf6 Qc8 25.g4 Rxc6 26.Bxc6 Qxc6 27.g5 Bxg5 28.Qxg5 Bxh3 29.Rfe1 f6 30.exf6 Ne6
31.Qg3 Bf5 32.Nf3 Qa4 33.Rd6 Nf4 34.Ng5 Nh5 35.Nf7+ Kg8 36.Nh6+ Kh8 37.Nf7+ Kg8
38.Nh6+ Kh8 39.Qe5 Qh4 40.f7+ Ng7 41.Qe7 Qxe7 42.Rxe7 a5 43.Rxb6 Bc2 44.Rc6 Bb3
45.Rxc5 a4 46.Rce5  1-0

[Event "SWE-ch"]
[Site "?"]
[Date "1977.??.??"]
[Round "?"]
[White "Svensson, Gert"]
[Black "Thornblom, N."]
[Result "1-0"]
[WhiteElo "2260"]
[BlackElo "2325"]

1.d4 Nf6 2.c4 g6 3.g3 Bg7 4.Bg2 O-O 5.Nf3 d6 6.Nc3 Nc6 7.O-O Bg4 8.d5 Na5
9.Nd2 c5 10.h3 Bd7 11.Qc2 Rb8 12.b3 a6 13.Bb2 b5 14.Nd1 bxc4 15.bxc4 e6 16.Bc3 exd5
17.cxd5 Re8 18.Re1 Qc7 19.Nb2 Re7 20.e4 Nb7 21.Ndc4 Rbe8 22.e5 Bf5 23.Qd2 Nxd5
24.Qxd5 dxe5 25.Qxb7 Qxb7 26.Bxb7 Rxb7 27.Nd6  1-0

[Event "BCF-ch"]
[Site "Ayr"]
[Date "1978.08.16"]
[Round "9"]
[White "Whiteley, Andrew J"]
[Black "Littlewood, John Eric"]
[Result "0-1"]
[WhiteElo "2385"]
[BlackElo "2350"]

1.d4 Nf6 2.c4 g6 3.g3 Bg7 4.Bg2 O-O 5.Nf3 d6 6.O-O c6 7.Nc3 Qa5 8.h3 e5 9.e4 exd4
10.Nxd4 Qc5 11.Nb3 Qb4 12.Bf4 Ne8 13.Re1 a5 14.Rc1 a4 15.Bd2 axb3 16.Nd5 Qc5
17.Ne7+ Kh8 18.Nxc8 bxa2 19.Be3 Qb4 20.Nb6 Ra6 21.Re2 Rxb6 22.Bxb6 Qxb6 23.Ra1 Bxb2
24.Rxa2 Bg7 25.Kh2 Na6 26.f4 Qc5 27.Qb3 Nec7 28.e5 dxe5 29.Qxb7 exf4 30.Rxa6 fxg3+
31.Kxg3 Be5+ 32.Kf3 Nxa6 33.Qxa6 Qd4 34.Re4 Qd3+ 35.Re3 Qd1+ 36.Re2 Rb8  0-1

[Event "Buenos Aires ol (Men)"]
[Site "Buenos Aires"]
[Date "1978.??.??"]
[Round "?"]
[White "Csom, Istvan"]
[Black "Vaganian, Rafael A"]
[Result "1/2-1/2"]
[WhiteElo "2510"]
[BlackElo "2570"]

1.Nf3 Nf6 2.c4 g6 3.d4 Bg7 4.g3 O-O 5.Bg2 d6 6.Nc3 c6 7.O-O Qa5 8.h3 e5 9.e4 exd4
10.Nxd4 Qc5 11.Nb3 Qb4 12.Bf4 Ne8 13.Re1 Be6 14.e5 Bxc4 15.exd6 Nd7 16.Qc2 Nef6
17.Nd2 Be6 18.a3 Qb6 19.Rad1 Rfe8 20.b4 Nd5 21.Nxd5 cxd5 22.Qc7 Rec8 23.Qxb6 Nxb6
24.Nb3 h6 25.Nc5 g5 26.Be3 Re8 27.Nxe6 fxe6 28.Bxb6 axb6 29.d7 Red8 30.Rxe6 Rxd7
31.Rxd5 Rf7 32.Rxb6 Rxa3 33.Rd8+ Rf8 34.Bd5+ Kh8 35.Rxf8+ Bxf8 36.Rxb7 Rd3
37.Bc6 Rd2 38.b5 Kg8 39.Rd7 Rxd7 40.Bxd7 Bc5 41.Kg2 Kf7 42.f4 gxf4 43.gxf4 Ke7
44.Bc6 Ke6 45.Kf3 Bg1 46.Ke4 Bb6 47.Bd5+ Kd6 48.Bc4 Kc5 49.Bf1 Bc7 50.h4 Bd8
51.h5 Bc7 52.f5 Kd6 53.Bh3 Bd8 54.Bg4 Bf6 55.b6 Kc6 56.b7 Kxb7 57.Kd5 Kc7
58.Ke6 Bc3 59.f6 Kd8 60.f7 Bb4 61.Be2 Ba3 62.Bc4 Bb4 63.Kf6 Bc3+  1/2-1/2

[Event "Buenos Aires ol (Women)"]
[Site "Buenos Aires"]
[Date "1978.??.??"]
[Round "?"]
[White "Pope, Lynda"]
[Black "Soppe, Edith"]
[Result "0-1"]
[WhiteElo "1930"]
[BlackElo "1920"]

1.d4 Nf6 2.c4 d6 3.Nf3 g6 4.g3 Bg7 5.Bg2 O-O 6.Nc3 c6 7.O-O Nbd7 8.b3 Rb8
9.Bb2 b5 10.cxb5 cxb5 11.Nd2 Bb7 12.e4 Qb6 13.Ne2 Rfc8 14.b4 a5 15.bxa5 Qxa5
16.Nb3 Qa8 17.f3 Nb6 18.Qd3 Nc4 19.Bc3 Qa4 20.Rfc1 Ba6 21.d5 b4 22.Bd4 Na3
23.Qd2 Qb5 24.Bf1 Nc4 25.Qd3 Qb7 26.Nf4 Bb5 27.Ng2 Na3 28.Qd2 Bxf1 29.Kxf1 Nd7
30.Ne3 Ne5 31.Kg2 Qb5 32.Rxc8+ Rxc8 33.Rc1 Rxc1 34.Nxc1 Nec4 35.Nxc4 Qxc4
36.Bxg7 Kxg7 37.Nb3 Nb5 38.Kf2 Nc3 39.Nc1 Qc5+ 40.Kf1 Qc4+ 41.Kf2 h5 42.h4 Kf8
43.Nb3 Ke8 44.Nc1 Kd7 45.Ke1 f5 46.exf5 gxf5 47.Kf2 Qxd5 48.Qxd5 Nxd5 49.g4 fxg4
50.fxg4 hxg4 51.h5 Ke6 52.Kg3 Nc3 53.Kxg4 Kf6 54.h6 Kg6 55.h7 Kxh7 56.Kf5 Kg7
57.Kf4 Kf6 58.Ke3 e5 59.Kd2 e4  0-1

[Event "Buenos Aires ol (Men)"]
[Site "Buenos Aires"]
[Date "1978.??.??"]
[Round "?"]
[White "Romanishin, Oleg M"]
[Black "Ghinda, Mihail Viorel"]
[Result "1-0"]
[WhiteElo "2610"]
[BlackElo "2445"]

1.d4 Nf6 2.Nf3 g6 3.c4 Bg7 4.g3 O-O 5.Bg2 d6 6.O-O Nc6 7.Nc3 Rb8 8.d5 Na5
9.b3 a6 10.Bb2 b5 11.cxb5 axb5 12.Nd4 b4 13.Na4 e5 14.dxe6 fxe6 15.Rc1 c5
16.Nf3 Qe7 17.Nd2 Bd7 18.e4 e5 19.Nc4 Nxc4 20.Rxc4 Bb5 21.Rc2 Bxf1 22.Qxf1 Ne8
23.Qd1 Nc7 24.Bf1 Kh8 25.Bc4 Bh6 26.Bc1 Bxc1 27.Qxc1 Rf3 28.Qd1 Rbf8 29.Rd2 R3f6
30.Nb6 Rb8 31.Na4 Qf8 32.Qg4 Qh6 33.Qd1 g5 34.Qg4 Ne8 35.Nb2 Ra8 36.Nd1 Ng7
37.Ne3 Qh5 38.Qxh5 Nxh5 39.Ng4 Rff8 40.Rxd6 Ng7 41.Nxe5 Ne8 42.Rd2 Nf6 43.Nf7+ Rxf7
44.Bxf7 Nxe4 45.Re2 Nc3 46.Re5 h6 47.Rxc5 Rxa2 48.Re5 Nd1 49.Rf5 Rd2 50.Kf1 Nc3
51.Re5 Rd1+ 52.Kg2 Rd2 53.Bc4 Nd1 54.Be2 Nc3 55.Kf1 Kg7 56.Bc4 Rd1+ 57.Kg2 Rd2
58.Re7+ Kg6 59.h4 gxh4 60.gxh4 Nd1 61.Kg3 Nb2 62.Bg8 Rd4 63.h5+ Kf5 64.Rf7+ Kg5
65.f4+ Kxh5 66.Bh7 Rd5 67.Rf6  1-0